[Event "Chess Festival Cracovia B 2020"]
[Site "Krakow"]
[Date "2020.12.27"]
[Round "1.1"]
[White "Kindler, Przemyslaw"]
[Black "Swider, Pawel"]
[Result "0-1"]
[WhiteElo "2096"]
[BlackElo "1893"]
[Annotator "TA"]
[PlyCount "90"]
[EventDate "2020.12.27"]
[EventType "swiss"]
[EventCountry "POL"]
[SourceTitle "playchess.com"]
[Source "ChessBase"]
[SourceQuality "1"]

{[%evp 12,90,2,0,-6,-13,0,0,0,0,-15,-36,-16,-23,0,-50,-17,-14,-11,-16,-21,-29,-25,-28,0,0,13,13,7,4,12,-20,0,0,125,-7,10,-46,-35,-60,-50,-68,-83,-119,-104,-108,-77,-106,-76,-94,-99,-114,-85,-244,-235,-240,-216,-312,-308,-261,-262,-285,-281,-264,-309,-1008,-418,-395,-385,-453,-456,-631,-631,-624,-616,-591,-571,-861,-854,-29972,-29973]} 1. e4 c6 2. d4 d5 3. Nd2 dxe4 4. Nxe4 Bf5 5. Ng3 Bg6 6. f4 e6 7. Nf3 Bd6 {B18: Classical Caro-Kann: 4...Bf5 sidelines.} 8. Bd3 Ne7 9. O-O Nd7 {The position is equal.} 10. c4 Nf6 11. Kh1 O-O 12. Ne5 Bxd3 {[#]} 13. Nxd3 $146 (13. Qxd3 {is interesting.} c5 14. Be3 Bxe5 15. fxe5 Ng4 16. Bg5) ({Predecessor:} 13. Qxd3 c5 14. Be3 cxd4 15. Bxd4 Bxe5 16. fxe5 Nd7 17. Qc3 Nc6 18. Rad1 Qc7 19. Nh5 {½-½ (40) Kurpnieks,V-Grotnes,N LSS email 2007}) 13... b5 14. b3 Rc8 15. Bb2 Nf5 {Black wants to play ...Ne3.} 16. Rf3 bxc4 17. bxc4 Be7 18. Ne5 Qb6 19. Nxf5 exf5 20. Qc2 {With the idea Rb3.} g6 $1 21. Re1 Rfe8 22. Rfe3 Ne4 {[#]} (22... Rb8 $11 23. Bc3 Qb7) 23. c5 (23. g4 $1 $16 {[%cal Rg4f5] gxf5 is the strong threat.} Bh4 24. R1e2) 23... Qc7 24. Qc4 ({Better is} 24. g4 $11 Bh4 25. R1e2) 24... Bf6 $15 25. Kg1 Rb8 26. Bc3 {Hoping for Ba5!} Bxe5 27. dxe5 Rb5 28. Bd4 Qa5 29. a3 Re6 30. Rd1 Nxc5 {[%cal Be4c5,Bc5a4,Ba4b2][%mdl 32]} 31. Bc3 Qb6 32. a4 $2 {[#] This costs White the game.} (32. Bd4 $17 Qa5 33. Rc1) 32... Nxa4 $1 $19 {[%mdl 512]} 33. Bd4 Nb2 {Strongly threatening ...Qd8.} 34. Qa2 (34. Qxe6 $142 fxe6 35. Bxb6 Nxd1 36. Rd3) 34... c5 (34... Nxd1 $2 {loses.} 35. Bxb6 Nxe3 36. Bxe3 $18) 35. Bxb2 Rxb2 36. Qd5 c4 37. Qd8+ Kg7 38. Rd4 $2 (38. Qxb6 Rexb6 39. Rf3) 38... Qxd8 (38... Qc6 $142 {[%csl Gb2][%cal Rc6g2]} 39. Qd5 c3 40. Qxc6 Rb1+ 41. Kf2 Rxc6 42. Rxc3 Rb2+ 43. Kg1 Rxc3) 39. Rxd8 {[%mdl 4096] Endgame KRR-KRR} Ra6 {( -> ...Ra1+)} 40. h3 Raa2 41. Rd7 Rxg2+ 42. Kh1 Rgd2 43. Rxd2 Rxd2 44. e6 fxe6 {[%mdl 64] Overworked Piece} 45. Rxe6 c3 {Weighted Error Value: White=0.65/Black=0.26} 0-1

[Event "Chess Festival Cracovia B 2020"]
[Site "Krakow"]
[Date "2020.12.27"]
[Round "1.2"]
[White "Kindler, Karolina"]
[Black "Dylag, Emilia"]
[Result "1-0"]
[WhiteElo "1881"]
[BlackElo "2082"]
[Annotator "TA"]
[PlyCount "95"]
[EventDate "2020.12.27"]
[EventType "swiss"]
[EventCountry "POL"]
[SourceTitle "playchess.com"]
[Source "ChessBase"]
[SourceQuality "1"]

{[%evp 17,95,25,18,-39,-25,-31,-29,-25,-15,-5,0,-52,-37,-72,-41,-69,-12,-30,-8,-61,-6,-68,64,43,91,85,74,62,79,91,158,59,90,91,129,112,180,182,171,135,193,134,137,122,224,227,206,168,159,140,371,321,295,163,494,136,137,138,107,100,127,65,66,59,395,395,761,448,420,379,395,343,395,395,952,581,575,545,1042,976]} 1. d4 Nf6 2. Nf3 g6 3. c4 Bg7 4. Nc3 O-O 5. Bf4 d6 6. h3 Nbd7 7. e3 c6 8. Be2 a6 9. O-O b5 10. b4 {E61: King's Indian: Early deviations for White, including Smyslov System.} ({Only move:} 10. a3 $1 $11) 10... Nb6 11. cxb5 axb5 12. Qc2 {[#] Black has an edge.} Bb7 $146 ({Predecessor:} 12... Bd7 13. e4 Ra3 14. Bc1 Ra7 15. Be3 Qb8 16. Nd2 Rc8 17. a4 bxa4 18. Nxa4 Rxa4 19. Rxa4 {0-1 (27) Constantinou,P (2173)-Lewis,A (2284) Great Yarmouth 2007}) 13. e4 Qd7 14. Rac1 (14. Rfe1 $11) 14... Na4 $15 15. Nb1 Rfc8 (15... c5 $5 16. bxc5 Bxe4 $15) 16. Rfd1 h6 (16... c5 $15 17. dxc5 Nxe4) 17. Nbd2 $11 Nb6 18. Nb3 (18. Ra1 $11) 18... Ra4 (18... c5 $1 $15 19. dxc5 (19. bxc5 $2 Bxe4 20. Bd3 Bxf3 $17) 19... Bxe4) 19. Bd2 ({Better is} 19. Na5 $11) 19... Qe6 (19... c5 $1 $15 20. d5 c4) 20. Bd3 Ba8 21. Re1 Nfd7 22. Bc3 Nb8 23. Qd2 Qd7 (23... Na6 $142) 24. Na5 (24. d5 $16) 24... Na6 25. Qb2 Rb8 26. Bc2 Rxa5 27. bxa5 $18 Nc4 28. Qb3 c5 (28... Qd8 $16 29. Bd3 Nxa5) 29. a4 ({White should try} 29. d5 $18) 29... cxd4 $16 30. Nxd4 {[%cal Ra4b5]} Bxd4 (30... Nxa5 $16 31. Bxa5 Bxd4) 31. Bxd4 $18 {And now axb5 would win.} Nxa5 32. Qd3 {aiming for Rb1.} Nb4 33. Qd2 bxa4 $2 (33... Nxc2 $16 34. Qxc2 (34. Rxc2 Nb3 $16) 34... bxa4) 34. Qxh6 {[%csl Gd4][%cal Rh6h8]} e5 35. Bc3 (35. Be3 $142) 35... a3 $2 {[#]} (35... Nb3) 36. Qd2 $2 (36. Rb1 $1 $18) 36... Nc4 $16 {[#]} 37. Qe2 {[%cal Re2c4]} Nxc2 38. Qxc2 d5 39. exd5 (39. Qd3 $16) 39... Qxd5 $14 {[%csl Ga8][%cal Rd5g2]} 40. f3 {Threatens to win with Ba1.} Nb2 $2 {[%mdl 8192]} (40... Qd6 $14) 41. Bxe5 $18 Rd8 (41... Rf8 42. Bxb2 axb2) 42. Bxb2 axb2 43. Qxb2 Qg5 44. Rc3 Kh7 {Hoping for ...Rd2.} 45. Rc7 Kg8 (45... Bd5 46. Qc3 Ba2) 46. Rce7 {White threatens Re8+ and mate.White is clearly winning.} Qc5+ 47. Kh1 {Black must now prevent Re8+.} Bc6 48. Qf6 {Weighted Error Value: White=0.55/Black=0.63} 1-0

[Event "Chess Festival Cracovia B 2020"]
[Site "Krakow"]
[Date "2020.12.27"]
[Round "1.3"]
[White "Lochte, Thomas"]
[Black "Kawula, Andrzej"]
[Result "1-0"]
[WhiteElo "2076"]
[BlackElo "1878"]
[Annotator "TA"]
[PlyCount "61"]
[EventDate "2020.12.27"]
[EventType "swiss"]
[EventCountry "POL"]
[SourceTitle "playchess.com"]
[Source "ChessBase"]
[SourceQuality "1"]

{[%evp 12,61,40,31,104,33,62,62,62,63,139,114,152,108,143,88,168,135,132,85,137,89,89,65,183,218,189,197,220,210,217,210,290,182,442,435,781,781,1049,1016,1080,1058,1059,1055,1041,1025,1040,1047,1020,846,781,775]} 1. e4 e6 2. d4 d5 3. Nd2 Nf6 4. e5 Nfd7 5. Bd3 c5 6. c3 Nc6 7. Ne2 f5 {C06: French Tarrasch: 3...Nf6 4 e5 Nfd7 5 Bd3 main lines.} (7... Be7 $14) 8. Nf4 (8. h4 $16) 8... Qe7 $14 9. Nf3 cxd4 {White is slightly better.} 10. cxd4 Nb6 ({Better is} 10... g5 $14) 11. O-O Bd7 {[#]} 12. a3 $146 {[%cal Ba2a3,Ba3a4][%mdl 32]} ({Predecessor:} 12. h4 O-O-O 13. a4 Kb8 14. b3 Qe8 15. Bd2 Rc8 16. Qe1 Nd8 17. Ba5 Na8 18. Qd2 {½-½ (28) Balkova,A (1970)-Gubas,J (1940) Czechia 2005}) 12... g6 13. b4 ({White should play} 13. a4) 13... O-O-O (13... a6 $16 {was necessary.}) 14. b5 Na5 15. a4 Nbc4 (15... Kb8 $142) 16. Nd2 Kb8 17. Nxc4 Nxc4 (17... dxc4 $14 18. Bc2 Bc8) 18. Bxc4 $18 dxc4 {[#]} 19. d5 $1 exd5 20. Nxd5 Qe6 {aiming for ...Bc8.} 21. Bg5 Rc8 22. Re1 {Black must now prevent Nf4.} Be8 $2 {[#]} (22... h6 {might work better.} 23. Be3 g5) 23. Nf4 {White is clearly winning.} Qb6 (23... Qd7 $142 24. Qf3 b6) 24. e6 Bc5 25. Nd5 Bxf2+ 26. Kf1 Qc5 27. Be7 Qd4 28. Bf6 Qc5 29. Re2 Bg1 30. Bxh8 Bxh2 31. Qd4 {Weighted Error Value: White=0.31/Black=0.62} 1-0

[Event "Chess Festival Cracovia B 2020"]
[Site "Krakow"]
[Date "2020.12.27"]
[Round "1.4"]
[White "Szarwacki, Dominik"]
[Black "Krawczyk, Flawian"]
[Result "1-0"]
[WhiteElo "1878"]
[BlackElo "2073"]
[Annotator "TA"]
[PlyCount "87"]
[EventDate "2020.12.27"]
[EventType "swiss"]
[EventCountry "POL"]
[SourceTitle "playchess.com"]
[Source "ChessBase"]
[SourceQuality "1"]

{[%evp 9,87,-43,-40,-37,-39,-53,-61,-64,-25,-87,-82,-156,-98,-86,-66,-101,-53,-232,0,-171,-60,-577,-597,-595,-550,-610,-586,-601,-604,-602,-581,-610,-612,-601,-598,-594,-591,-633,-633,-790,-719,-1014,-993,-1006,-727,-29984,-29985,-29984,-29985,-29985,-29986,-29989,-29984,-29984,-29985,-29985,-29986,-29982,-718,-1848,-773,-736,-85,-73,0,-145,66,56,29983,29985,29985,29986,29985,29986,29986,29987,29987,29988,29988,29988]} 1. e4 c5 2. b4 cxb4 3. a3 e6 4. axb4 Bxb4 5. Bb2 Nf6 6. e5 {B20: Sicilian: Unusual White 2nd moves.} Nd5 7. c4 Nb6 {[#]} 8. Na3 $146 {Black is slightly better.} ({Predecessor:} 8. Qg4 O-O 9. Nf3 Kh8 10. Bd3 Qc7 11. Bxh7 Kxh7 12. Qh5+ Kg8 13. Ng5 Rd8 14. Qxf7+ Kh8 15. Qh5+ Kg8 16. Qh7+ Kf8 17. Qh8+ Ke7 18. Qxg7+ Ke8 19. Qf7# {1-0 (19) Kroliczek,G (1926)-Urbanska,A Bydgoszcz 2020}) 8... O-O 9. Bd3 (9. Nc2 $11 {remains equal.} Be7 10. d4) 9... d5 $17 10. c5 (10. exd6 $142 Qxd6 11. Qc2) 10... Bxc5 (10... N6d7 $142 $1 11. Qb1 Qg5) 11. Qc2 N6d7 12. Bxh7+ Kh8 13. h4 $2 {[#]} (13. Nf3 $15) 13... f6 $2 (13... g6 14. h5 $11) ({Black should try} 13... Qb6 $1 $19 14. Nh3 Nc6) 14. Nf3 $2 (14. d4 $1 $11 {and White has nothing to worry.}) 14... fxe5 $19 {And now ...Nc6 would win.} 15. Nxe5 {[%mdl 8192]} (15. h5 $1 $15) 15... Bxf2+ 16. Ke2 {Ng6+ is the strong threat.} Nxe5 17. Bxe5 {Threatens to win with Qg6.} Nc6 18. Bxg7+ Kxg7 19. Qg6+ Kh8 20. Qh6 {Threatening mate with Bg6+.} Nd4+ 21. Kd1 {White threatens Bg6+ and mate.} Rf6 22. Bg6+ Kg8 23. Qh7+ Kf8 24. h5 {aiming for h6.} e5 25. h6 Bg4+ 26. Kc1 Rc8+ 27. Nc2 Ne2+ 28. Kd1 Nf4+ {[%mdl 64] Double Attack} 29. Kc1 Rxg6 30. Ra4 {[#]} Rxc2+ $1 31. Kxc2 Qc8+ 32. Kb3 Rb6+ 33. Ka2 Qf5 (33... Ng6 $142 34. Rf4+ exf4 35. Qg7+ Ke8 36. Qc3 Qd7 37. Rc1 Ra6+ 38. Qa3 Rxa3+ 39. Kxa3 Bd4 40. Re1+ Ne5 41. Rxe5+ Bxe5 42. d4 Bxd4 43. h7 Qb5 44. h8=Q+ Bxh8 45. g3 fxg3 46. Ka2 Qb2#) 34. Qg7+ Ke8 {( -> ...Qc2+!)} 35. Rc1 Qd7 $2 (35... Bd4 $19 {and Black stays clearly on top.} 36. Qg8+ Qf8 37. Qxf8+ Kxf8) 36. Qxe5+ $17 Be6 (36... Ne6 $17 {[%cal Rd7a4]} 37. Qh8+ Nf8 38. Qe5+ Be6 39. Qb8+ Qd8 40. Qxd8+ Kxd8) 37. Rxa7 {[#]} (37. Rxf4 {gets mated.} d4+ 38. Qxe6+ Qxe6+ 39. Ka1 Ra6+ 40. Kb2 Qa2#) ({Wrong is} 37. Qh8+ $2 Ke7 $19) (37. Qb8+ $1 $11 Ke7 38. Rc7 (38. Rxf4 $2 d4+ 39. Ka3 Rb3+ 40. Ka2 Qa4#)) 37... d4+ $2 ({Black should play} 37... Rb2+ $3 $17 {[%mdl 512]} 38. Qxb2 Bxa7 39. Qh8+ Ke7 40. Qg7+ Ke8 41. Qh8+ Ke7 42. Qg7+ Bf7 43. Qg5+ Kf8 44. Qg7+ (44. Qxf4 $2 d4+ 45. Ka3 Qe6 $19) 44... Ke7 45. Qg5+ Ke8 46. Re1+ Ne6) 38. Ka1 $14 {Hoping for Ra8+.} d3 $2 {[%mdl 8192]} 39. Ra8+ {White mates.} Ke7 40. Qg5+ Kd6 41. Qxf4+ {[%mdl 64] Double Attack} Kd5 42. Ra5+ Rb5 43. Rxb5+ Qxb5 44. Qg5+ {Weighted Error Value: White=0.82/Black=0.25} 1-0

[Event "Chess Festival Cracovia B 2020"]
[Site "Krakow"]
[Date "2020.12.27"]
[Round "1.5"]
[White "Golenia, Jan"]
[Black "Wilk, Igor"]
[Result "1-0"]
[WhiteElo "2070"]
[BlackElo "1873"]
[Annotator "TA"]
[PlyCount "73"]
[EventDate "2020.12.27"]
[EventType "swiss"]
[EventCountry "POL"]
[SourceTitle "playchess.com"]
[Source "ChessBase"]
[SourceQuality "1"]

{[%evp 15,73,24,35,31,26,29,38,26,26,38,43,29,24,38,31,11,37,9,10,0,22,0,0,0,0,0,0,0,0,-44,-29,-44,-16,-8,-24,-102,-31,-36,0,0,98,77,419,352,525,506,451,295,670,662,2038,1947,1947,984,884,881,700,530,610,602]} 1. c4 e6 2. Nc3 d5 3. d4 Nf6 4. Nf3 Be7 5. Bf4 O-O 6. e3 b6 7. cxd5 exd5 8. Bd3 Bb7 9. Qc2 {D37: Queen's Gambit Declined: 5 Bf4.} Nbd7 10. O-O c5 11. Rfd1 {[#] White is slightly better.} c4 $146 ({Predecessor:} 11... h6 12. dxc5 bxc5 13. Bf5 Nb6 14. Rac1 Nh5 15. Be5 f6 16. Be6+ Kh8 17. Nh4 Qe8 18. Ng6+ {1-0 (18) Ellis,J (2053)-Bruehan,W (1873) ICCF email 2013}) 12. Bf5 a6 13. Ne5 g6 14. Bh3 b5 15. a3 Nb6 16. Bh6 Re8 17. f4 Ne4 18. Rf1 Bf8 19. Bxf8 Rxf8 20. f5 {[#] Hoping for fxg6.} f6 21. Nxe4 dxe4 22. Ng4 g5 {Strongly threatening ...h5.} 23. g3 Bd5 (23... h5 $5 24. Nf2 $8 Qe7 $11) 24. Bg2 Qe7 25. h4 (25. Nf2 $11) 25... h5 (25... gxh4 $17 26. gxh4 Kh8) 26. Nf2 $15 Qc7 27. Nxe4 Bxe4 (27... Rae8 $11 {remains equal.} 28. Nc3 Bxg2 29. Qxg2 Rxe3) 28. Qxe4 $16 {[#] And now Qe6+ would win.} Na4 $2 {[%mdl 8192] Loses the game.} (28... Rae8 $16 29. Qf3 gxh4) 29. Qe6+ $18 Kh7 (29... Kg7 {was worth a try.} 30. Bxa8 Rxa8) 30. Bxa8 Rxa8 31. Rf3 gxh4 (31... g4 32. Rf4 (32. Qxf6 gxf3 33. Qg6+ {[%mdl 64] Double Attack} Kh8 $16) 32... Kg7) 32. Qxf6 {White is clearly winning.} hxg3 33. Qg6+ Kh8 34. Rxg3 Qxg3+ 35. Qxg3 {Qe5+ would kill now.} Rg8 36. Qxg8+ Kxg8 37. Rb1 {Weighted Error Value: White=0.27/Black=0.68} 1-0

[Event "Chess Festival Cracovia B 2020"]
[Site "Krakow"]
[Date "2020.12.27"]
[Round "1.6"]
[White "Paziak, Patryk"]
[Black "Janus, Przemyslaw"]
[Result "0-1"]
[WhiteElo "1869"]
[BlackElo "2062"]
[Annotator "TA"]
[PlyCount "73"]
[EventDate "2020.12.27"]
[EventType "swiss"]
[EventCountry "POL"]
[SourceTitle "playchess.com"]
[Source "ChessBase"]
[SourceQuality "1"]

{[%evp 10,73,40,37,43,29,37,20,31,13,16,0,12,-49,85,-14,-15,-32,0,15,18,7,15,0,45,32,44,35,181,-146,-129,-128,-120,-90,-106,-108,-140,-218,-214,-237,-109,-101,-121,-142,-130,-110,-26,-148,-33,-62,-43,-37,-53,-219,-229,-226,-227,-912,-880,-790,-106,-287,-285,-972,-923,-29999]} 1. e4 d5 2. exd5 Qxd5 3. Nc3 Qa5 4. Bc4 Nf6 5. h3 c6 6. Nf3 Bf5 {B01: Scandinavian Defence.} 7. d3 e6 8. Bf4 Bb4 {The position is equal.} 9. Bd2 Qc7 10. Qe2 {[#]} O-O $146 ({Predecessor:} 10... Nbd7 11. a3 Bd6 12. O-O O-O-O 13. b4 h6 14. Rfb1 g5 15. b5 c5 16. a4 b6 {0-1 (30) Cirlig,I-Serefidou,D Sibenik 2007}) 11. O-O-O (11. a3 $11 Bd6 12. Nh4) 11... Nd5 (11... b5 $15 {keeps the upper hand.} 12. Bb3 Nbd7) 12. Ne4 ({White has to play} 12. g4 $1 $16 {[%cal Rg4f5]} Bg6 13. h4) 12... a5 $11 13. g4 Bxe4 14. dxe4 Nf4 15. Bxf4 Qxf4+ 16. Kb1 b5 17. Bd3 Na6 18. e5 Nc7 (18... Rad8 $14) 19. Bxh7+ $2 Kxh7 $17 20. Rd4 Qh6 {Threatens to win with ...Kg8.} 21. g5 Qg6 22. Nh4 Qxg5 23. Rg4 (23. Nf3 $17 Qe7 24. Qd3+ Kg8 25. Rg1) 23... Qh6 $1 $19 ({And not} 23... Qd2 24. Rxg7+ Kxg7 25. Qg4+ Kh7 26. Nf5 $11) 24. Qe4+ g6 (24... Kg8 $19 {aiming for ...Qh7.} 25. Qxc6 Qh7 $1) 25. Rhg1 $17 {[%cal Rh4g6] White wants to mate with Nxg6!} Rg8 {White must now prevent ...Be7.} 26. Nxg6 Rxg6 ({Much worse is} 26... fxg6 $6 27. Rh4 $11) 27. Rh4 {[#]} Nd5 $1 28. Rg5 (28. Rxg6 $11 {keeps the balance.} fxg6 29. Rxh6+ Kxh6 30. a3) (28. Rxh6+ Kxh6) 28... Be7 29. Rxh6+ $15 Kxh6 30. Rxg6+ fxg6 31. c4 $2 (31. Qg4 $15) 31... bxc4 $19 32. Qxc4 {[#]} Rb8 $1 33. Qxc6 $2 (33. Kc1) 33... Ba3 $1 34. b3 {[#]} Rb6 $2 (34... Rb5 $3 $19 {[%mdl 512] and Black stays clearly on top. ...Rc5 is the strong threat.} 35. Qe8 Rc5 36. Qf8+ Kg5 37. f4+ Kh4 38. Qh6+ Kg3) 35. Qc4 $2 (35. Qe8 $17) 35... Rb7 {Hoping for ...Rc7.} 36. Qc8 (36. Qh4+ Kg7 37. Kc2) 36... Rc7 37. Qd8 {Weighted Error Value: White=0.80/Black=0.54} 0-1

[Event "Chess Festival Cracovia B 2020"]
[Site "Krakow"]
[Date "2020.12.27"]
[Round "1.7"]
[White "Zarnowski, Krzysztof"]
[Black "Czaplak, Lukasz"]
[Result "1-0"]
[WhiteElo "2062"]
[BlackElo "1865"]
[Annotator "TA"]
[PlyCount "119"]
[EventDate "2020.12.27"]
[EventType "swiss"]
[EventCountry "POL"]
[SourceTitle "playchess.com"]
[Source "ChessBase"]
[SourceQuality "1"]

{[%evp 20,119,22,2,31,0,0,0,0,0,0,0,0,0,37,35,73,42,77,28,50,0,30,30,43,-14,20,36,38,0,0,0,89,72,89,97,89,92,95,100,107,96,131,140,132,102,102,102,102,102,95,62,76,52,135,135,131,87,150,150,143,147,126,116,296,285,474,469,456,453,449,470,437,487,488,481,468,474,484,468,365,488,482,452,466,457,457,445,579,568,550,536,664,665,835,861,1106,1091,1028,1008,1612,780]} 1. d4 d5 2. c4 e6 3. Nf3 Nf6 4. Nc3 c6 5. Bg5 Be7 6. e3 Nbd7 7. Bd3 O-O 8. O-O h6 9. Bh4 dxc4 10. Bxc4 b5 11. Bd3 Bb7 {D60: Queen's Gambit Declined: Classical: Unusual White 7th moves.} 12. Qb3 {[#]} a6 $146 ({Predecessor:} 12... Nc5 13. dxc5 Qxd3 14. e4 Bxc5 15. Rfd1 Qc4 16. Qc2 b4 17. Ne5 Qa6 18. Na4 Be7 {1-0 (45) Yaksin,O (2339)-Gusarov,G (2371) Dagomys 2009}) 13. a4 b4 {The position is equal.} 14. Ne4 Nxe4 15. Bxe7 Qxe7 16. Bxe4 Nf6 (16... f5 $5 {[%cal Rf5e4]} 17. Bd3 c5 $11) 17. Nd2 a5 18. Rac1 Rfc8 19. f4 Ra7 20. Qc2 Nd5 (20... c5 $5) 21. Rfe1 Nb6 {[%cal Bd5b6,Bb6d7,Bd7f6][%mdl 32]} 22. b3 (22. Nb3 $14) 22... Nd7 (22... c5 $5) 23. Nc4 Nf6 24. Nb6 Rc7 25. Bf3 Ra6 {[#]} (25... c5 $1 $11 {remains equal.}) 26. Qc5 $1 $36 {[%mdl 2048] White is really pushing.} Qxc5 27. dxc5 Nd5 28. Nc4 Nc3 29. e4 Bc8 30. Rc2 e5 31. f5 ({And not} 31. fxe5 Be6 $15) 31... f6 32. Rd2 Rd7 33. Rxd7 Bxd7 34. Bh5 Kf8 35. Nd6 Ra8 36. Kf2 Bc8 (36... Rd8 $14) 37. Be8 Bb7 38. Bd7 Ke7 39. Nxb7 Kxd7 {[%mdl 4096] Endgame KRN-KRN} 40. Kf3 Kc7 41. Nd6 Rd8 $2 {[#] A mistake that costs the game.} (41... Nb5 $16 {was called for.}) 42. Kg4 $18 Kd7 $2 (42... Rxd6 43. cxd6+ Kxd6) 43. Kh5 Ke7 44. Kg6 Kf8 45. h4 Rd7 46. g4 Kg8 47. g5 hxg5 48. hxg5 fxg5 49. Kxg5 Kf8 50. Kg6 Kg8 {White is clearly winning.} 51. Re3 Nd1 52. Re2 Nc3 53. Re1 Rd8 54. f6 gxf6 55. Kxf6 Rf8+ 56. Kxe5 Kg7 57. Ke6 Rd8 58. Ke7 Ra8 59. Kd7 Ra6 60. Kc7 {Weighted Error Value: White=0.10/Black=0.31} (60. Ne8+ $142 Kg6 61. Nc7) 1-0

[Event "Chess Festival Cracovia B 2020"]
[Site "Krakow"]
[Date "2020.12.27"]
[Round "1.8"]
[White "Ociepka, Tomasz"]
[Black "Khachatryan, Taron"]
[Result "1-0"]
[WhiteElo "1857"]
[BlackElo "2056"]
[Annotator "TA"]
[PlyCount "129"]
[EventDate "2020.12.27"]
[EventType "swiss"]
[EventCountry "POL"]
[SourceTitle "playchess.com"]
[Source "ChessBase"]
[SourceQuality "1"]

{[%evp 15,129,12,23,0,45,35,38,36,47,34,75,33,47,0,38,2,40,32,47,45,43,29,36,33,47,0,35,26,24,18,34,35,25,18,66,61,53,55,76,87,93,90,93,72,90,54,73,35,93,95,83,-53,-59,-47,-58,-63,0,0,0,0,0,-82,0,0,5,4,79,79,79,79,79,64,80,59,271,223,287,308,420,404,955,926,855,660,588,588,29966,19,34,0,0,0,0,0,0,0,0,0,0,0,0,0,588,588,29947,0,0,0,0,0,0,0,0,0,0,0]} 1. e4 e5 2. Nf3 Nc6 3. Bb5 a6 4. Ba4 Nf6 5. O-O b5 6. Bb3 Be7 7. Re1 d6 8. a4 b4 {8...Bd7 is the modern continuation.} 9. c3 {C90: Closed Ruy Lopez with 7...d6: Early deviations.} a5 10. d4 {[#]} Bg4 $146 ({Predecessor:} 10... Ba6 11. Nbd2 O-O 12. Nf1 h6 13. Ng3 Re8 14. Bd2 Rb8 15. Rc1 Bf8 16. Ba2 Qd7 {1-0 (54) Milotzki,K-Nemes,G Kuortane 1976}) 11. d5 {White is slightly better.} Nb8 {[%cal Bc6b8,Bb8d7,Bd7c5][%mdl 32]} 12. Nbd2 Nbd7 13. Nf1 O-O 14. Ng3 Nc5 15. Bc2 Nh5 16. h3 {And now cxb4 would win.} Bxf3 17. Qxf3 Nxg3 18. Qxg3 Rb8 19. b3 Bh4 20. Qf3 Bg5 (20... f5 $5 {[%cal Rf5e4]} 21. exf5 e4 $11) 21. cxb4 $1 axb4 22. Bb2 g6 23. Qe2 Qc8 24. a5 {[%cal Ba4a5,Ba5a6][%mdl 32]} (24. Qc4 {with more complications.} c6 25. Red1 Rd8 26. dxc6 Qxc6 27. a5) 24... Qa6 25. Qxa6 Nxa6 26. Bd3 Nc5 27. Bc4 Ra8 28. a6 Ra7 29. Ra5 f6 30. f3 Rb8 31. Kf2 Kf8 (31... h5 $1 $14) 32. Rea1 $16 Ke7 33. Rb5 ({White should try} 33. g3 $16) 33... Rxb5 $15 34. Bxb5 Nxb3 35. Ra4 Bd2 (35... Nc5 $1 $15 36. Ra1 f5) 36. Ke2 $11 Bc3 37. Bxc3 bxc3 {[%mdl 4096] Endgame KRB-KRN} 38. Bd3 {[#]} (38. Kd1 $11) 38... f5 (38... c2 $1 $17 {[%cal Rc2c1]} 39. Bxc2 Nc5 {[%mdl 64] Double Attack}) 39. exf5 Nd4+ 40. Kd1 Nxf5 (40... gxf5 $11 {keeps the balance.} 41. Ra3 Kd7) 41. Bxf5 $16 gxf5 $11 {KR-KR} 42. Kc2 Kd7 43. Kxc3 c6 44. Kc4 Kc7 $2 ({Better is} 44... f4 $1 $14) 45. g4 $18 fxg4 46. fxg4 Kb6 47. g5 c5 (47... e4 $142 48. dxc6 Kxc6) 48. h4 e4 49. h5 e3 50. Kd3 Re7 {[#] ...e2 is the strong threat.} 51. Ke2 $2 (51. a7 $1 c4+ 52. Ke2 Rxa7 53. Rxa7 Kc5 54. Rxh7 Kb6 55. Kxe3 c3 56. h6) 51... Ka7 $1 $11 52. g6 hxg6 53. hxg6 Rg7 54. Rg4 (54. Kxe3 Rxg6 55. Ra2 Rg3+ 56. Kf4 Rh3) 54... Kxa6 55. Kxe3 Kb5 56. Ke4 c4 57. Kf5 c3 58. Kf6 c2 $2 {[%mdl 8192]} 59. Rg1 $18 Rc7 60. Rc1 $2 (60. g7 {mates} Rxg7 61. Kxg7 Kc5 62. Rc1 Kxd5 63. Rxc2 Ke5 64. Re2+ Kf5 65. Rd2) 60... Rc3 $11 {The position is equal.} 61. g7 Rf3+ 62. Ke6 Rg3 63. Rxc2 Rxg7 64. Kxd6 Rg6+ $1 65. Ke7 {[%mdl 32768] Weighted Error Value: White=0.44/Black=0.58. Sensor Board Error (Ke4/e5)?} 1-0